Χώρες που έχουν Νικήσει τις Περισσότερες Eurovision - Statistics

General Stats
  • This quiz has been taken 24 times
  • The average score is 9 of 13
Answer Stats
Νίκες Πιο Πρόσφατη Χώρα % Correct
7 2023 Σουηδία
95%
3 2021 Ιταλία
89%
5 1977 Γαλλία
84%
4 2018 Ισραήλ
84%
5 2019 Ολλανδία
79%
3 2022 Ουκρανία
79%
3 2009 Νορβηγία
79%
7 1996 Ιρλανδία
68%
3 2025 Αυστρία
68%
3 2024 Ελβετία
63%
5 1997 Ηνωμένο Βασίλειο
58%
3 2013 Δανία
53%
5 1983 Λουξεμβούργο
37%
No matching quizzes found
Score Distribution
Percent of People with Each Score
Percentile by Number Answered
Your Score History
You have not taken this quiz